Outer Wilds General Knowledge (Hard) - Statistics

General Stats
  • This quiz has been taken 1,060 times
  • The average score is 11 of 21
Answer Stats
Hint Answer % Correct
How many thumbs do the Owlks have (DLC) 2
85%
How many entrances are there to the Stranger (not including elevators) (DLC) 3
84%
What does Feldspar not recommend eating Jellyfish
81%
What appears inside the Ash Twin Project at the end of each loop A Black Hole
77%
Hearthian that was sent to check the Deep Space Satellite for defects (DLC) Gabbro
77%
The ________ is, and we are Universe
74%
Who said the above quote Solanum
72%
Name the song that heralds the end of the loop End Times
69%
The most lonely Hearthian Traveler Esker
66%
How did Tektite lose their foot Ghost Matter
55%
Degrees at which the Deep Space Satellite detected a shadow in front of the sun (DLC) 40
54%
Name of the song that plays when rafting (DLC) The River
54%
The Orbital Probe Cannon's missing module Probe Tracking Module
52%
Nomai who stayed behind to gather data on the core of the Interloper Pye
46%
Hearthian with more fingers than normal Riebeck
41%
Nomai who designed the original warp core for the Vessel Annona
30%
Which Nomai was lost in the Lakebed Caves Coleus
29%
Name of the Hearthian Flight Instructor Gossan
27%
What is described as a "daunting digestive challenge" Sap Wine
27%
Where can you find an Owlk watching a slide reel (DLC) Endless Canyon
26%
How many launches before the probe found The Eye of the Universe (roughly) 9318054
21%
No matching quizzes found
Score Distribution
Percent of People with Each Score
Percentile by Number Answered
Your Score History
You have not taken this quiz